| 000 | 01143nam a22002537a 4500 | ||
|---|---|---|---|
| 005 | 20170124103152.0 | ||
| 010 | _aB-080058 | ||
| 020 |
_c35.00 _a8173090157 |
||
| 035 | _aB-080058 | ||
| 037 | _bCen Lib/Ret | ||
| 040 |
_aDPL _bHN |
||
| 082 |
_a170 _bजैनय |
||
| 100 |
_aजैन, यशपाल _988248 |
||
| 245 |
_aमानवता के रजत कण : _cयशपाल जैन _bजीवन मूल्यों की प्रेरक कृति / |
||
| 246 |
_aManavta ke rajat kan : jivan mulyaon ki prerak kriti _bby Yashpal Jain |
||
| 260 |
_aनई दिल्ली _bसस्ता साहित्य मंडल प्रकाशन _c2002 |
||
| 270 |
_aएन.77, पहली मंजिल कनाट सर्कस _bनई दिल्ली _e110001 |
||
| 300 |
_a144पृष्ठ. _c20सेमी(सजिल्द) |
||
| 650 |
_aनीति शास्त्र _988249 |
||
| 650 |
_aसाधना के सोपान _91726 |
||
| 650 |
_aEthics _911191 |
||
| 650 |
_aSilence of the ladder _988250 |
||
| 942 |
_2ddc _cHN _h170 _mजैनय |
||
| 999 |
_c120052 _d120052 |
||